Continuation of the national emergency with respect to Hong Kong : communication from the President of the United States transmitting notification that the national emergency with respect to Hong Kong, declared in Executive Order 13936 on July 14, 2020, is to continue in effect beyond July 14, 2022, pursuant to 50 U.S.C. 1622 (d); Public law 94-412, Sec. 202 (d); (90 Stat. 1257).

Bibliographic Details
Main Author: Biden, Joseph R., Jr (Author)
Corporate Author: United States. President (2021- : Biden) (Author)
Format: Government Document eBook
Language:English
Published: Washington : U.S. Government Publishing Office, 2022.
Series:House document (United States. Congress. House) ; 117-131.
Subjects:
Online Access:PDF version
Text version

MARC

Tag First Indicator Second Indicator Subfields
LEADER 00000nam a2200000 i 4500
001 in00004590749
006 m o d f
007 cr b||||||||||
008 220719s2022 dcu o f000 0 eng c
005 20220812190759.5
035 |a (OCoLC)on1336603527 
040 |a GPO  |b eng  |e rda  |e pn  |c GPO  |d GPO  |d MvI 
042 |a pcc 
043 |a a-cc-hk  |a a-cc---  |a n-us--- 
049 |a WWW 
074 |a 0996-F (online) 
086 0 |a Y 1.1/7:117-131 
110 1 |a United States.  |b President (2021- : Biden),  |e author. 
240 1 0 |a Continuation of the national emergency with respect to Hong Kong (2022 July 12) 
245 1 0 |a Continuation of the national emergency with respect to Hong Kong :  |b communication from the President of the United States transmitting notification that the national emergency with respect to Hong Kong, declared in Executive Order 13936 on July 14, 2020, is to continue in effect beyond July 14, 2022, pursuant to 50 U.S.C. 1622 (d); Public law 94-412, Sec. 202 (d); (90 Stat. 1257). 
264 1 |a Washington :  |b U.S. Government Publishing Office,  |c 2022. 
300 |a 1 online resource (2 pages). 
336 |a text  |b txt  |2 rdacontent 
337 |a computer  |b c  |2 rdamedia 
338 |a online resource  |b cr  |2 rdacarrier 
490 1 |a House document / 117th Congress, 2d session ;  |v 117-131 
500 |a "July 12, 2022." 
500 |a "Referred to the Committee on Foreign Affairs." 
500 |a GPO Cataloging Record Distribution Program (CRDP). 
588 |a Description based on online resource; title from PDF title page (govinfo, viewed July 19, 2022). 
651 0 |a Hong Kong (China)  |x Politics and government  |y 1997- 
650 0 |a National security  |x Law and legislation  |z China  |z Hong Kong. 
650 0 |a Human rights  |z China. 
650 0 |a Democracy  |z China  |z Hong Kong. 
651 0 |a United States  |x Foreign relations  |z China. 
651 0 |a China  |x Foreign relations  |z United States. 
655 7 |a Legislative materials.  |2 lcgft 
700 1 |a Biden, Joseph R.,  |c Jr.,  |e author. 
710 1 |a United States.  |b Congress.  |b House.  |b Committee on Foreign Affairs,  |e issuing body. 
776 0 8 |i Print version:  |a United States. President (2021- : Biden).  |s Continuation of the national emergency with respect to Hong Kong (2022 July 12) 2022  |w (OCoLC)1336603632 
830 0 |a House document (United States. Congress. House) ;  |v 117-131. 
856 4 0 |3 PDF version  |u https://purl.fdlp.gov/GPO/gpo184640  |t 0 
856 4 0 |3 Text version  |u https://purl.fdlp.gov/GPO/gpo184641  |t 0 
999 f f |s 6b496cca-586f-4c41-a95e-349d22aa6056  |i 6b496cca-586f-4c41-a95e-349d22aa6056  |t 0 
952 f f |a Texas A&M University  |b College Station  |c Electronic Resources  |d Available Online  |t 0  |e Y 1.1/7:117-131  |h Superintendent of Documents classification 
998 f f |a Y 1.1/7:117-131  |t 0  |l Available Online